[Event "Bogoroditsk 12"]
[Site "Bogoroditsk"]
[Date "2011.12.20"]
[Round "13"]
[White "Biriukov, Ilja"]
[Black "Kotova, Larisa"]
[Result "1-0"]
[WhiteElo "2417"]
[BlackElo "2211"]
[PlyCount "93"]
[EventDate "2011.12.12"]
[EventType "tourn"]
[EventRounds "13"]
[EventCountry "RUS"]
[EventCategory "6"]
[SourceTitle "CBM 146 Extra"]
[Source "ChessBase"]
[SourceDate "2012.02.29"]
[SourceVersion "1"]
[SourceVersionDate "2012.02.29"]
[SourceQuality "1"]

1. d4 Nf6 2. c4 g6 3. Nc3 Bg7 4. e4 d6 5. f3 0-0 6. Be3 Nc6 7. Nge2 a6 8. Qd2 Rb8 9. Nc1 e5 10. Nb3 exd4 11. Nxd4 Nxd4 12. Bxd4 Be6 13. Be2 c6 14. a4 Re8 15. 0-0 Qa5 16. Rfd1 Red8 17. b4 Qh5 18. Qf4 Ne8 19. Bxg7 Kxg7 20. Qg3 a5 21. f4 Qh6 22. bxa5 f5 23. exf5 Bxf5 24. Qe3 Kg8 25. g4 Bd7 26. Rd4 Ra8 27. Rb1 Bc8 28. a6 bxa6 29. Bf3 Bd7 30. c5 Rab8 31. Rxb8 Rxb8 32. cxd6 Rb2 33. Rd2 Rxd2 34. Qxd2 Qh4 35. a5 h5 36. gxh5 gxh5 37. Ne4 Qh3 38. Qc3 h4 39. Qc4+ Kf8 40. Qd4 Kg8 41. Be2 Ng7 42. Bc4+ Kh8 43. Nf6 Qf3 44. Nxd7 h3 45. Qf2 Qg4+ 46. Kh1 Qd1+ 47. Qf1 1-0

[Event "Bogoroditsk 12"]
[Site "Bogoroditsk"]
[Date "2011.12.18"]
[Round "10"]
[White "Kotova, Larisa"]
[Black "Babayev, Talib"]
[Result "0-1"]
[WhiteElo "2211"]
[BlackElo "2325"]
[PlyCount "118"]
[EventDate "2011.12.12"]
[EventType "tourn"]
[EventRounds "13"]
[EventCountry "RUS"]
[EventCategory "6"]
[SourceTitle "CBM 146 Extra"]
[Source "ChessBase"]
[SourceDate "2012.02.29"]
[SourceVersion "1"]
[SourceVersionDate "2012.02.29"]
[SourceQuality "1"]

1. e4 c5 2. Nf3 e6 3. c3 b6 4. d4 Bb7 5. Bd3 Nf6 6. Nbd2 cxd4 7. cxd4 Be7 8. 0-0 0-0 9. Re1 d6 10. a3 Nc6 11. b4 Rc8 12. Bb2 h6 13. Qe2 d5 14. e5 Nh7 15. Rac1 Ng5 16. Rc3 Nxf3+ 17. Nxf3 a5 18. b5 Nb8 19. Rec1 Rxc3 20. Rxc3 Nd7 21. Bb1 Re8 22. Qc2 Nf8 23. g3 Qa8 24. Kg2 Rc8 25. Qd2 Rxc3 26. Qxc3 Qc8 27. Qd2 Qc4 28. Qd3 g6 29. h4 Nd7 30. g4 Kg7 31. Kg3 Qxd3 32. Bxd3 f6 33. Kf4 fxe5+ 34. Nxe5 Bd6 35. Ke3 Nxe5 36. dxe5 Bc5+ 37. Bd4 Bxa3 38. Bxb6 Bc1+ 39. Kd4 Bb2+ 40. Ke3 Bxe5 41. Bxa5 Bf6 42. h5 gxh5 43. gxh5 e5 44. Bc7 Bg5+ 45. Ke2 e4 46. Be5+ Bf6 47. Bxf6+ Kxf6 48. Bc2 d4 49. Bd1 Ke5 50. Kd2 Bc8 51. Be2 Kd5 52. Bd1 Kc5 53. Bc2 Bb7 54. Ba4 Kb4 55. Bd1 Kxb5 56. Bg4 Kc5 57. Ke1 Bd5 58. Be2 Kd6 59. Bd1 Ke5 0-1

[Event "Bogoroditsk 12"]
[Site "Bogoroditsk"]
[Date "2011.12.16"]
[Round "8"]
[White "Kotova, Larisa"]
[Black "Zaitsev, Alexander"]
[Result "0-1"]
[WhiteElo "2211"]
[BlackElo "2382"]
[PlyCount "60"]
[EventDate "2011.12.12"]
[EventType "tourn"]
[EventRounds "13"]
[EventCountry "RUS"]
[EventCategory "6"]
[SourceTitle "CBM 146 Extra"]
[Source "ChessBase"]
[SourceDate "2012.02.29"]
[SourceVersion "1"]
[SourceVersionDate "2012.02.29"]
[SourceQuality "1"]

1. c4 Nf6 2. Nf3 c5 3. Nc3 d5 4. cxd5 Nxd5 5. e4 Nb4 6. Bc4 Nd3+ 7. Ke2 Nf4+ 8. Kf1 Ne6 9. b4 cxb4 10. Ne2 Nc7 11. Bb2 Nc6 12. d4 e6 13. g3 b5 14. Bb3 Na5 15. Kg2 Bb7 16. Qc2 Rc8 17. Rac1 Nxb3 18. axb3 f5 19. Nd2 Bd6 20. Qd3 0-0 21. f3 a5 22. d5 fxe4 23. fxe4 exd5 24. Nd4 dxe4 25. Nxe4 Be5 26. Rhe1 Qd5 27. Rcd1 Rce8 28. Kg1 Bd6 29. Nc2 Bc5+ 30. Bd4 Bxd4+ 0-1

[Event "Bogoroditsk 12"]
[Site "Bogoroditsk"]
[Date "2011.12.15"]
[Round "6"]
[White "Kotova, Larisa"]
[Black "Kurilin, Alexander"]
[Result "0-1"]
[WhiteElo "2211"]
[BlackElo "2271"]
[PlyCount "58"]
[EventDate "2011.12.12"]
[EventType "tourn"]
[EventRounds "13"]
[EventCountry "RUS"]
[EventCategory "6"]
[SourceTitle "CBM 146 Extra"]
[Source "ChessBase"]
[SourceDate "2012.02.29"]
[SourceVersion "1"]
[SourceVersionDate "2012.02.29"]
[SourceQuality "1"]

1. e4 c5 2. Nf3 Nc6 3. d4 cxd4 4. Nxd4 e5 5. Nb5 a6 6. Nd6+ Bxd6 7. Qxd6 Qf6 8. Qd1 Qg6 9. Nc3 Nge7 10. Be3 0-0 11. g3 d5 12. exd5 Nb4 13. Bc5 Nxc2+ 14. Kd2 Bf5 15. Bxe7 Qh6+ 16. f4 Rfe8 17. d6 Nxa1 18. Qxa1 exf4 19. g4 Rad8 20. gxf5 Rxe7 21. Kc2 Rxd6 22. Bd3 Re3 23. Be4 f3 24. Qc1 Qf4 25. Re1 f2 26. Rf1 Rxc3+ 27. bxc3 Qxe4+ 28. Kb2 Qe2+ 29. Ka1 Rd2 0-1

[Event "Bogoroditsk 12"]
[Site "Bogoroditsk"]
[Date "2011.12.14"]
[Round "5"]
[White "Novikov, Maxim"]
[Black "Kotova, Larisa"]
[Result "1-0"]
[WhiteElo "2514"]
[BlackElo "2211"]
[PlyCount "73"]
[EventDate "2011.12.12"]
[EventType "tourn"]
[EventRounds "13"]
[EventCountry "RUS"]
[EventCategory "6"]
[SourceTitle "CBM 146 Extra"]
[Source "ChessBase"]
[SourceDate "2012.02.29"]
[SourceVersion "1"]
[SourceVersionDate "2012.02.29"]
[SourceQuality "1"]

1. e4 e5 2. Nf3 Nc6 3. Bb5 a6 4. Ba4 Nf6 5. 0-0 Be7 6. Re1 b5 7. Bb3 d6 8. c3 0-0 9. h3 Nb8 10. d4 Nbd7 11. Nbd2 Bb7 12. Bc2 Re8 13. Nf1 Bf8 14. Ng3 g6 15. b3 Bg7 16. d5 Rc8 17. c4 c6 18. Be3 Nb6 19. Rb1 cxd5 20. cxd5 Nbxd5 21. exd5 Nxd5 22. Bd2 Qd7 23. b4 Nb6 24. Bb3 d5 25. Rc1 Nc4 26. Bc3 d4 27. Ba1 Qd6 28. Ne4 Qxb4 29. Rb1 f5 30. Bxc4+ Qxc4 31. Nd6 Bxf3 32. Qxf3 Qxa2 33. Bxd4 e4 34. Qd1 Rcd8 35. Bxg7 Qe6 36. Ba1 Rxd6 37. Qc1 1-0

[Event "Tula Novikov Memorial"]
[Site "Tula"]
[Date "2011.10.04"]
[Round "6"]
[White "Moiseev, Viktor"]
[Black "Kotova, Larisa"]
[Result "1-0"]
[WhiteElo "2414"]
[BlackElo "2249"]
[PlyCount "121"]
[EventDate "2011.10.01"]
[EventType "tourn"]
[EventRounds "12"]
[EventCountry "RUS"]
[EventCategory "3"]
[SourceTitle "EXT 2012"]
[Source "ChessBase"]
[SourceDate "2011.11.24"]
[SourceVersion "1"]
[SourceVersionDate "2011.11.24"]
[SourceQuality "1"]

1. e4 c6 2. d4 d5 3. exd5 cxd5 4. c4 Nf6 5. Nc3 e6 6. Nf3 Be7 7. cxd5 Nxd5 8. Bd3 0-0 9. 0-0 Nc6 10. Re1 Bf6 11. Be4 Nce7 12. Ne5 g6 13. Bh6 Bg7 14. Bxg7 Kxg7 15. Qf3 b6 16. Bxd5 Nxd5 17. Nxd5 Qxd5 18. Qxd5 exd5 19. Rac1 Be6 20. f3 Rac8 21. Kf2 Rxc1 22. Rxc1 Rc8 23. Rxc8 Bxc8 24. b4 a5 25. bxa5 bxa5 26. Nd3 Kf6 27. Nc5 Ke7 28. Ke2 Kd6 29. h4 h6 30. Nb3 a4 31. Nc5 Bd7 32. Kd3 Bb5+ 33. Kc3 g5 34. hxg5 hxg5 35. g3 Be2 36. f4 gxf4 37. gxf4 a3 38. Kb4 Kc6 39. Kxa3 Kb5 40. Kb3 Bc4+ 41. Kb2 f6 42. a3 Be2 43. Kc3 Bd1 44. Nd7 f5 45. Nc5 Ka5 46. Kd2 Bf3 47. Kd3 Kb5 48. Kc3 Bd1 49. Kd2 Bf3 50. Kc3 Bd1 51. Nd3 Be2 52. Ne5 Ka4 53. Ng6 Bf3 54. Ne7 Be4 55. Kb2 Kb5 56. Kb3 Ka5 57. a4 Ka6 58. Kb4 Kb6 59. a5+ Ka6 60. Kc5 Kxa5 61. Nxd5 1-0

[Event "Tula Novikov Memorial"]
[Site "Tula"]
[Date "2011.10.02"]
[Round "2"]
[White "Arakeljan, Armen M"]
[Black "Kotova, Larisa"]
[Result "1-0"]
[WhiteElo "2308"]
[BlackElo "2249"]
[PlyCount "45"]
[EventDate "2011.10.01"]
[EventType "tourn"]
[EventRounds "12"]
[EventCountry "RUS"]
[EventCategory "3"]
[SourceTitle "EXT 2012"]
[Source "ChessBase"]
[SourceDate "2011.11.24"]
[SourceVersion "1"]
[SourceVersionDate "2011.11.24"]
[SourceQuality "1"]

1. d4 d5 2. c4 c6 3. Nc3 Nf6 4. Nf3 e6 5. e3 Nbd7 6. Bd3 dxc4 7. Bxc4 b5 8. Bd3 Bd6 9. Ng5 Bb7 10. 0-0 0-0 11. Bd2 Nb6 12. Nce4 Nxe4 13. Nxe4 c5 14. Nxd6 Qxd6 15. Qc2 f5 16. dxc5 Qd5 17. e4 fxe4 18. Bxb5 e3 19. c6 exd2 20. cxb7 Qxb7 21. Bd3 g6 22. Qxd2 Nd5 23. Rae1 1-0